Inderbir Singh's Textbook of Anatomy (Record no. 15596)

MARC details
000 -LEADER
fixed length control field 00375nam a22001577a 4500
003 - CONTROL NUMBER IDENTIFIER
control field SGT
020 ## - INTERNATIONAL STANDARD BOOK NUMBER
International Standard Book Number 978-9351529637
082 ## - DEWEY DECIMAL CLASSIFICATION NUMBER
Classification number 611
Item number T16S
100 ## - MAIN ENTRY--PERSONAL NAME
Personal name Seshayyan, Sudha
245 ## - TITLE STATEMENT
Title Inderbir Singh's Textbook of Anatomy
250 ## - EDITION STATEMENT
Edition statement 6TH
260 ## - PUBLICATION, DISTRIBUTION, ETC. (IMPRINT)
Place of publication, distribution, etc NEW DELHI
Name of publisher, distributor, etc Jaypee Brothers Medical Pub
Year of Publication 2016
300 ## - PAGE DESCRIPTION
No. of Pages 464
650 ## - SUBJECT ADDED ENTRY--TOPICAL TERM
Topical term or geographic name as entry element General Anatomy
942 ## - ADDED ENTRY ELEMENTS (KOHA)
Source of classification or shelving scheme Dewey Decimal Classification
Koha item type Books
942 ## - ADDED ENTRY ELEMENTS (KOHA)
-- 1
Holdings
Withdrawn status Lost status Source of classification or shelving scheme Damaged status Not for loan Home library Current library Shelving location Date acquired Vendor Name Cost, normal purchase price Volume Information (Serial or Books or Non-Book Material) SGTU Bill Number Total Checkouts Full call number Accession No. (Barcode) Date last seen Bill Date Koha item type Date last borrowed
    Dewey Decimal Classification     SGT Dental Library SGT Dental Library Text Book 15/06/2018 ABC 595.00 1 SGTU 9730   611 T16S FD7831 15/06/2018 15/05/2018 Books  
    Dewey Decimal Classification     SGT Dental Library SGT Dental Library Text Book 15/06/2018 ABC 595.00 1 SGTU 9730   611 T16S FD7832 15/06/2018 15/05/2018 Books  
    Dewey Decimal Classification     SGT Dental Library SGT Dental Library Text Book 15/06/2018 ABC 595.00 1 SGTU 9730 1 611 T16S FD7833 28/12/2024 15/05/2018 Books 28/12/2024
    Dewey Decimal Classification     SGT Dental Library SGT Dental Library Text Book 15/06/2018 ABC 595.00 1 SGTU 9730   611 T16S FD7834 15/06/2018 15/05/2018 Books  
    Dewey Decimal Classification     SGT Dental Library SGT Dental Library Text Book 15/06/2018 ABC 595.00 1 SGTU 9730   611 T16S FD7835 15/06/2018 15/05/2018 Books